000 00466nam a2200169Ia 4500
003 OSt
005 20210906123944.0
008 190216s9999||||xx |||||||||||||| ||und||
040 _coclc
082 _a297.124
_bHAJ/B
100 _aHajr, Imam Ibn
_98784
245 0 _aBulugh Al Maram /
_cImam Ibn Hajr
260 _bIslamic Literacy Society,
_aCalicut:
300 _a47p
650 _aArabic
942 _cBK
_2ddc
_h297.124
_iHAJ/B
_k297.124
_mHAJ/B
999 _c664
_d664